000 00277nam a2200097Ia 4500
001 696176
005 20250826162007.0
008 250824s9999 xx 000 0 und d
245 0 _aŞIK - TUTUŞMUŞ GÖNÜLLER/H.R.GÜRPINAR/EVEREST
_cHÜSEYİN RAHMİ GÜRPINAR
260 _bEVEREST
999 _c696176
_d696176